[Event "Reykjavik Open 2026"]
[Site "Reykjavik"]
[Date "2026.03.29"]
[Round "7.75"]
[White "Magzumov, Damirali"]
[Black "Pagan, Jonathan"]
[Result "0-1"]
[WhiteElo "1782"]
[WhiteFideId "13727117"]
[BlackElo "2159"]
[BlackFideId "30903017"]
[Variant "Standard"]

1. e4 c5 2. Nf3 e6 3. d4 cxd4 4. Nxd4 Nc6 5. Nc3 Qc7 6. Be2 a6 7. O-O Nf6 8. Be3 Be7 9. f4 d6 10. Qe1 O-O 11. Rd1 Bd7 12. Qg3 Rad8 13. Kh1 Nxd4 14. Bxd4 Bc6 15. e5 dxe5 16. fxe5 Ne4 17. Nxe4 Bxe4 18. c3 Bc5 19. Bxc5 Rxd1 20. Rxd1 Qxc5 21. Rd4 Bb1 22. a4 Qb6 23. Rb4 Qc7 24. Qe3 Rb8 25. h3 a5 26. Rc4 Qd8 27. Qa7 h6 28. Rd4 Qc7 29. Rd6 Be4 30. Bb5 Rc8 31. Qd4 Bd5 32. Rd7 Qb8 33. Qf4 Rf8 34. Qd4 Rc8 35. c4 Bc6 36. Rd6 Bxb5 37. cxb5 Qc7 38. Kh2 Qc1 39. b3 Qg5 40. h4 Qf5 41. Rd7 g5 42. Rxb7 Kg7 43. b6 Rc2 44. Rc7 Rf2 45. b7 Rf4 46. Qe3 Rxh4+ 47. Kg1 Qb1+ 48. Kf2 Rf4+ 49. Ke2 Qf1+ 50. Kd2 Qxg2+ 51. Kd3 Qd5+ 52. Kc2 0-1

[Event "Reykjavik Open 2026"]
[Site "Reykjavik"]
[Date "2026.03.29"]
[Round "7.76"]
[White "Jonsson, Gauti Pall"]
[Black "Johannsson, Markus Orri"]
[Result "1/2-1/2"]
[WhiteElo "2154"]
[WhiteFideId "2309092"]
[BlackElo "1900"]
[BlackFideId "2318539"]
[Variant "Standard"]

1. d4 d5 2. c4 e6 3. Nc3 Nf6 4. Nf3 Be7 5. g4 Nc6 6. Bf4 a6 7. e3 dxc4 8. Bxc4 b5 9. Bd3 Bb7 10. Rg1 Nb4 11. Bb1 c5 12. Be5 h6 13. h4 cxd4 14. Nxd4 g5 15. Qe2 Nbd5 16. Bd3 Rc8 17. Nf3 Rg8 18. hxg5 hxg5 19. Rd1 Qa5 20. Kf1 Nxc3 21. bxc3 Bd5 22. e4 Bb7 23. Rg3 Nd7 24. Bd4 Nc5 25. Bb1 Na4 26. Qd2 Rd8 27. Bc2 Nb6 28. Bd3 Nd7 29. Qe2 Nc5 30. Bb1 Na4 31. Nd2 Qc7 32. e5 Rh8 33. Be4 Bc5 34. Bxb7 Qxb7 35. Ne4 Nxc3 36. Nf6+ Kf8 37. Bxc5+ Kg7 38. Rxd8 Nxe2 39. Rh3 Rxd8 40. Kxe2 Qc7 41. Bd6 Qc4+ 42. Kf3 Qc6+ 43. Kg3 Kg6 44. f3 Rxd6 45. Rh8 Rd3 46. Rg8+ Kh6 47. Rh8+ Kg7 48. Rg8+ Kh6 1/2-1/2

[Event "Reykjavik Open 2026"]
[Site "Reykjavik"]
[Date "2026.03.29"]
[Round "7.77"]
[White "Zhou, Abigail"]
[Black "Liang, Hairan"]
[Result "1/2-1/2"]
[WhiteElo "1771"]
[WhiteFideId "39922081"]
[BlackElo "2150"]
[BlackFideId "2620278"]
[Variant "Standard"]

1. e4 c5 2. Nf3 d6 3. d4 cxd4 4. Nxd4 Nf6 5. Nc3 Nc6 6. Be2 g6 7. Be3 Bg7 8. O-O O-O 9. Qd2 Bd7 10. f3 a6 11. a4 Rc8 12. Nxc6 Bxc6 13. a5 Nd7 14. Bh6 Nc5 15. Bxg7 Kxg7 16. b4 Nd7 17. Nd5 Bb5 18. Bxb5 axb5 19. c3 e6 20. Ne3 Qc7 21. Rfc1 Ne5 22. Qd4 Kg8 23. Kh1 Rfd8 24. h3 h5 25. f4 Nc4 26. f5 e5 27. Qd3 Nxe3 28. Qxe3 Kh7 29. Ra2 d5 30. fxg6+ fxg6 31. exd5 Rxd5 32. Rf2 Rcd8 33. Qf3 Qd7 34. Kh2 Rd2 35. Rxd2 Qxd2 36. Rf1 Rd7 37. Rf2 Qd6 38. Qe4 Kg7 39. Re2 Re7 40. Re3 Qe6 41. Kg1 Qf5 42. Qd5 e4 43. Qd4+ Kh7 44. Re1 Qe6 45. Qe3 Qe5 46. Rd1 Rc7 47. Rd4 Re7 48. Rd2 Rc7 49. Rd4 Re7 50. Rd2 Rc7 1/2-1/2

[Event "Reykjavik Open 2026"]
[Site "Reykjavik"]
[Date "2026.03.29"]
[Round "7.78"]
[White "Kamp, Adrian"]
[Black "Van Meter, Lester"]
[Result "1-0"]
[WhiteElo "2136"]
[WhiteFideId "16222466"]
[BlackElo "1882"]
[BlackFideId "2001691"]
[Variant "Standard"]

1. e4 c5 2. Nc3 Nc6 3. Nge2 g6 4. d4 cxd4 5. Nxd4 Bg7 6. Nxc6 dxc6 7. Qxd8+ Kxd8 8. Bc4 e6 9. Bf4 e5 10. O-O-O+ Ke7 11. Bg5+ f6 12. Be3 Bh6 13. Rhe1 Bxe3+ 14. Rxe3 Nh6 15. Red3 Nf7 16. Na4 Ng5 17. Nc5 b6 18. h4 Nf7 19. Rd7+ Bxd7 20. Rxd7+ Kf8 21. Nb7 1-0

[Event "Reykjavik Open 2026"]
[Site "Reykjavik"]
[Date "2026.03.29"]
[Round "7.79"]
[White "Hammari, Vinjar"]
[Black "Geistlich, Alex"]
[Result "1-0"]
[WhiteElo "2135"]
[WhiteFideId "1552007"]
[BlackElo "1879"]
[BlackFideId "1373013"]
[Variant "Standard"]

1. e4 e5 2. Nc3 Nf6 3. d4 exd4 4. Qxd4 Nc6 5. Qd3 d6 6. f4 Be7 7. Bd2 O-O 8. O-O-O Re8 9. h3 Bf8 10. g4 Be6 11. Kb1 d5 12. e5 Nd7 13. Bg2 Nb6 14. Qg3 f5 15. Nf3 d4 16. Be3 Bc5 17. Nb5 Bxa2+ 18. Kxa2 Nb4+ 19. Kb1 Qd5 20. Nc3 Qc4 21. Nxd4 Na4 22. Nde2 c6 23. Bxc5 Nxc5 24. Rd4 1-0

[Event "Reykjavik Open 2026"]
[Site "Reykjavik"]
[Date "2026.03.29"]
[Round "7.80"]
[White "Lilliehook, Victor"]
[Black "Paricharak, Nakul"]
[Result "1-0"]
[WhiteElo "2128"]
[WhiteFideId "1752103"]
[BlackElo "1797"]
[BlackFideId "7500173"]
[Variant "Standard"]

1. e4 e5 2. Nf3 Nc6 3. Bc4 Nf6 4. d4 exd4 5. e5 d5 6. Bb5 Nd7 7. O-O Be7 8. Bxc6 bxc6 9. Nxd4 Nb8 10. Nc3 O-O 11. Qf3 Bc5 12. Be3 Bxd4 13. Bxd4 Be6 14. Na4 Nd7 15. Qc3 Qg5 16. f4 Qf5 17. Qxc6 Qe4 18. Qc3 Rfc8 19. Rae1 Qg6 20. Rf2 Bf5 21. Nc5 Nxc5 22. Bxc5 Qc6 23. Qd4 Rcb8 24. a4 a5 25. b3 Qg6 26. Qc3 Ra6 27. Re3 Rba8 28. Rg3 Qe6 29. Qd4 Rc6 30. Rd2 Rd8 31. c4 Be4 32. Qxe4 Rxc5 33. Qd4 Qb6 34. f5 Rc6 35. Qxb6 Rxb6 36. cxd5 g6 37. f6 Rdb8 38. Rc2 R8b7 39. d6 c6 40. Rgc3 Rxb3 41. Rxb3 Rxb3 42. Rxc6 h5 43. d7 Rd3 44. Rc8+ 1-0

[Event "Reykjavik Open 2026"]
[Site "Reykjavik"]
[Date "2026.03.29"]
[Round "7.81"]
[White "Harish, Neeraj"]
[Black "Muhr, Andreas"]
[Result "1-0"]
[WhiteElo "2121"]
[WhiteFideId "30958130"]
[BlackElo "1740"]
[BlackFideId "1619683"]
[Variant "Standard"]

1. e4 d5 2. exd5 Nf6 3. d4 Nxd5 4. c4 Nf6 5. Nf3 c5 6. Nc3 Bg4 7. Be3 cxd4 8. Qxd4 Qxd4 9. Nxd4 a6 10. h3 Bd7 11. Be2 e5 12. Nf3 Nc6 13. O-O Bf5 14. g4 Bg6 15. a3 Nd7 16. b4 f5 17. Nh4 f4 18. Nxg6 hxg6 19. Bd2 Rxh3 20. Kg2 Rh8 21. Bd3 Kf7 22. c5 Nf6 23. g5 f3+ 24. Kg3 Nh5+ 25. Kxf3 Nd4+ 26. Kg2 Nf5 27. Bc4+ Ke8 28. f4 Rd8 29. Nd5 Kd7 30. fxe5 Kc6 31. Rad1 Nhg3 32. Rfe1 Rh4 33. Bb3 Rd4 34. Bf4 Ne2 35. Rxe2 Rxd1 36. Bxd1 Rxd5 37. Ba4+ b5 38. Bb3 Rd3 39. Bc2 Nh4+ 40. Kh2 Rxa3 41. e6 Nf3+ 42. Kg2 Nh4+ 43. Kg1 Ra1+ 44. Kf2 1-0

[Event "Reykjavik Open 2026"]
[Site "Reykjavik"]
[Date "2026.03.29"]
[Round "7.83"]
[White "Matsunaga, Toma"]
[Black "Llari, Marc"]
[Result "1-0"]
[WhiteElo "1900"]
[WhiteFideId "7005512"]
[BlackElo "2300"]
[BlackTitle "FM"]
[BlackFideId "651044269"]
[Variant "Standard"]

1. e4 c5 2. Nf3 e6 3. Nc3 Nc6 4. d4 cxd4 5. Nxd4 Qc7 6. Be3 a6 7. Be2 Nf6 8. O-O Be7 9. a3 O-O 10. Kh1 d6 11. f4 Nxd4 12. Bxd4 b5 13. Qd3 Bb7 14. Rad1 Bc6 15. Qg3 Rad8 16. e5 dxe5 17. Bxe5 Qb6 18. f5 Rxd1 19. Bxd1 exf5 20. Rxf5 Ba8 21. Be2 Re8 22. Bd3 g6 23. Rf1 Nh5 24. Qg4 Bxa3 25. Bd4 Bc5 26. Qd7 Rf8 27. Na4 Qd8 28. Nxc5 Qg5 29. Be4 Nf4 30. Bxa8 Rxa8 31. Qc6 Rd8 32. Bf6 Qd5 33. Qxd5 Rxd5 34. Nd3 Ne6 35. h3 g5 36. Ra1 Rf5 37. Be5 f6 38. Bc3 h5 39. Rxa6 Rf1+ 40. Kh2 Kf7 41. g3 g4 42. hxg4 hxg4 43. Kg2 Rf3 44. Nf4 b4 45. Bxb4 Nd4 46. Bc3 Nxc2 47. Rxf6+ Ke8 48. Nd5 Rd3 49. Rf2 1-0

[Event "Reykjavik Open 2026"]
[Site "Reykjavik"]
[Date "2026.03.29"]
[Round "7.84"]
[White "Paricharak, Shardul"]
[Black "Marie, Maxime"]
[Result "0-1"]
[WhiteElo "1895"]
[WhiteFideId "7500432"]
[BlackElo "2193"]
[BlackTitle "CM"]
[BlackFideId "625590"]
[Variant "Standard"]

1. Nf3 d5 2. b3 Nf6 3. Bb2 c5 4. e3 a6 5. d4 cxd4 6. exd4 Nc6 7. Bd3 Bg4 8. Nbd2 e6 9. O-O Bd6 10. a3 Bh5 11. Qe1 Bg6 12. Ne5 Bxe5 13. dxe5 Nd7 14. f4 Nc5 15. Qg3 Ne7 16. Bxg6 hxg6 17. Qf2 Rc8 18. Rad1 Qc7 19. c4 Nd3 20. Qd4 Nxb2 21. Qxb2 Qb6+ 22. Rf2 Rxh2 23. cxd5 exd5 24. Nc4 dxc4 25. Kxh2 c3 26. Qc2 Nf5 27. Qd3 Rc6 28. Qd7+ Kf8 29. e6 fxe6 30. Re2 Ne7 31. b4 Kf7 32. Rc2 a5 33. Rd4 Rc7 34. Qd8 Qc6 35. b5 Qc5 36. Rd3 Rc8 37. Qxa5 Rh8+ 38. Rh3 Rxh3+ 39. gxh3 Nd5 40. Qa4 b6 41. Qb3 Qd4 42. Qa2 Qd3 43. Qb3 Ne3 44. Rf2 Nd1 45. Rg2 Ne3 46. Rf2 Qd4 47. Qa2 Qd1 48. Re2 c2 49. Rxe3 Qd2+ 50. Re2 Qxe2+ 51. Kg3 Qe3+ 52. Kg4 c1=Q 53. Qh2 Qd1+ 54. Kh4 Qh5# 0-1

[Event "Reykjavik Open 2026"]
[Site "Reykjavik"]
[Date "2026.03.29"]
[Round "7.85"]
[White "Knight, David"]
[Black "Brodtkorb, Lars Johan"]
[Result "0-1"]
[WhiteElo "1888"]
[WhiteFideId "1040839"]
[BlackElo "2118"]
[BlackFideId "1522728"]
[Variant "Standard"]

1. e4 c6 2. d4 d5 3. e5 Bf5 4. Nc3 e6 5. g4 Bg6 6. Nge2 c5 7. Be3 Nc6 8. h4 cxd4 9. Nxd4 h5 10. Bb5 Ne7 11. f3 a6 12. Nxc6 Nxc6 13. Bxc6+ bxc6 14. Qe2 hxg4 15. fxg4 Rxh4 16. O-O-O Rxh1 17. Rxh1 Qa5 18. Rh8 O-O-O 19. Qf2 c5 20. Rxf8 Rxf8 21. Bxc5 Rh8 22. Bd6 Rh1+ 23. Kd2 Kb7 24. b4 Qa3 25. Ne2 Qxa2 26. Qc5 Qc4 27. Nd4 Rh2+ 28. Kc1 Bd3 29. c3 Rh1+ 30. Kd2 Qa2+ 31. Ke3 Rh3+ 0-1

[Event "Reykjavik Open 2026"]
[Site "Reykjavik"]
[Date "2026.03.29"]
[Round "7.86"]
[White "Murphy, Dara"]
[Black "Heidarsson, Arnar Milutin"]
[Result "0-1"]
[WhiteElo "1888"]
[WhiteFideId "2501783"]
[BlackElo "2099"]
[BlackFideId "2312875"]
[Variant "Standard"]

1. e4 c5 2. Nf3 d6 3. d4 cxd4 4. Nxd4 Nf6 5. Nc3 a6 6. Bg5 Nbd7 7. Qe2 Qc7 8. f4 e6 9. O-O-O Be7 10. g4 b5 11. Bg2 Bb7 12. f5 e5 13. Nb3 b4 14. Bxf6 Nxf6 15. Nd5 Nxd5 16. exd5 Bg5+ 17. Kb1 O-O 18. h4 Bf4 19. f6 a5 20. fxg7 Rfb8 21. g5 a4 22. Nd2 b3 23. cxb3 axb3 24. Nxb3 Ba6 25. Qh5 Qc4 26. Rhe1 Rxb3 27. axb3 Qd3+ 28. Rxd3 Bxd3# 0-1

[Event "Reykjavik Open 2026"]
[Site "Reykjavik"]
[Date "2026.03.29"]
[Round "7.87"]
[White "Texe, Eirik"]
[Black "Skarphedinsson, Ingvar Wu"]
[Result "0-1"]
[WhiteElo "1846"]
[WhiteFideId "1569481"]
[BlackElo "2099"]
[BlackFideId "2316943"]
[Variant "Standard"]

1. e4 d5 2. exd5 Qxd5 3. Nc3 Qd8 4. d4 Nf6 5. Nf3 Bg4 6. h3 Bxf3 7. Qxf3 c6 8. Be2 e6 9. Bf4 Be7 10. O-O O-O 11. Rad1 Nbd7 12. Qg3 Re8 13. a4 Nf8 14. h4 Nd5 15. Bg5 Bxg5 16. hxg5 Nxc3 17. bxc3 Qa5 18. Bd3 g6 19. c4 Rad8 20. Qf4 Qc3 21. Rb1 Rd7 22. Rb3 Qa5 23. Rfb1 b6 24. c5 bxc5 25. Rb7 Red8 26. Rxd7 Rxd7 27. dxc5 Qxc5 28. Rb8 Qe7 29. Qe3 Rb7 30. Ra8 c5 31. Rc8 Rc7 32. Rb8 c4 33. Be4 Qd6 34. g3 Kg7 35. Qc3+ e5 36. Rb5 Rc5 37. Rxc5 Qxc5 38. Bg2 Ne6 39. Bf1 Nxg5 40. Qxc4 Nf3+ 41. Kg2 Ne1+ 42. Kh3 Qxf2 43. c3 Nf3 0-1

[Event "Reykjavik Open 2026"]
[Site "Reykjavik"]
[Date "2026.03.29"]
[Round "7.88"]
[White "Erdmann, Stefan"]
[Black "Tinkler, Paul"]
[Result "1-0"]
[WhiteElo "2097"]
[WhiteFideId "4663470"]
[BlackElo "1897"]
[BlackFideId "30961289"]
[Variant "Standard"]

1. d4 d6 2. Nf3 Nf6 3. c4 c6 4. g3 Qa5+ 5. Bd2 Qc7 6. Nc3 e5 7. Bg2 Be7 8. O-O O-O 9. Qc2 Bg4 10. Be3 Nbd7 11. Rfd1 Rfd8 12. Rac1 Qb8 13. b4 a6 14. Qb3 h6 15. a3 Be6 16. d5 cxd5 17. cxd5 Bf5 18. a4 Rc8 19. a5 Bd8 20. Nh4 Bh7 21. Na4 Ng4 22. Rxc8 Qxc8 23. Rc1 Qb8 24. Bh3 f5 25. Bxg4 fxg4 26. Qc4 b5 27. axb6 Nxb6 28. Qc6 1-0

[Event "Reykjavik Open 2026"]
[Site "Reykjavik"]
[Date "2026.03.29"]
[Round "7.89"]
[White "Magnusson, Gisli"]
[Black "Schulz, Jannis"]
[Result "0-1"]
[WhiteElo "1816"]
[WhiteFideId "1437330"]
[BlackElo "2063"]
[BlackFideId "16224710"]
[Variant "Standard"]

1. e4 c6 2. d4 d5 3. exd5 cxd5 4. Bd3 Nc6 5. c3 e6 6. Bf4 Bd6 7. Bxd6 Qxd6 8. Nf3 Nge7 9. O-O O-O 10. Re1 Ng6 11. Bxg6 hxg6 12. Ne5 Nxe5 13. dxe5 Qb6 14. Qb3 Qxb3 15. axb3 Bd7 16. Na3 a5 17. Nc2 g5 18. Nd4 Ra6 19. Ra3 Rfa8 20. Rea1 f6 21. h3 Kf7 22. Re1 Rb8 23. Nc2 Rba8 24. Nd4 b5 25. exf6 gxf6 26. Rea1 e5 27. Nc2 Bc8 28. f3 Ke6 29. b4 axb4 30. Rxa6+ Rxa6 31. Rxa6+ Bxa6 32. Nxb4 Bc8 33. Nc2 Kd6 34. b4 Bf5 35. Ne3 Bd3 36. Ng4 f5 37. Nf2 Bc2 38. g4 f4 39. Kf1 e4 0-1

[Event "Reykjavik Open 2026"]
[Site "Reykjavik"]
[Date "2026.03.29"]
[Round "7.90"]
[White "Omarsson, Josef"]
[Black "Stolyarov, Alan"]
[Result "0-1"]
[WhiteElo "2047"]
[WhiteFideId "2316102"]
[BlackElo "1890"]
[BlackFideId "30906008"]
[Variant "Standard"]

1. d4 c5 2. d5 e5 3. c4 d6 4. e4 Be7 5. Nf3 Nf6 6. Nc3 O-O 7. h3 Ne8 8. Bd3 g6 9. Bh6 Ng7 10. g4 Na6 11. Qd2 Nc7 12. Ke2 Bd7 13. a4 b6 14. Rag1 a6 15. h4 f6 16. Rg2 Rf7 17. Be3 Qc8 18. Nh2 Rf8 19. f4 b5 20. axb5 axb5 21. f5 bxc4 22. Bxc4 Be8 23. Rhg1 Bf7 24. Nf3 Kh8 25. Bh6 Rg8 26. g5 Nh5 27. gxf6 Bxf6 28. Kf2 Qd7 29. Ne2 gxf5 30. Ng5 Bxg5 31. Bxg5 f4 32. Nxf4 Rxg5 33. Rxg5 Nxf4 34. Bf1 Ne8 35. Qc3 Nf6 36. Qe3 Ra4 37. Rg7 Nxe4+ 38. Kf3 Bh5+ 39. R7g4 Nf6 0-1

[Event "Reykjavik Open 2026"]
[Site "Reykjavik"]
[Date "2026.03.29"]
[Round "7.91"]
[White "Petry, Martin"]
[Black "Hermannsson, Sigurbjorn"]
[Result "1/2-1/2"]
[WhiteElo "2042"]
[WhiteFideId "1352318"]
[BlackElo "1887"]
[BlackFideId "2325128"]
[Variant "Standard"]

1. Nf3 d5 2. g3 Nd7 3. d4 b5 4. Bg2 e6 5. O-O Ngf6 6. a4 b4 7. c4 bxc3 8. bxc3 Ba6 9. Nbd2 Rb8 10. Re1 Be7 11. Qc2 O-O 12. e4 dxe4 13. Nxe4 c5 14. Bf4 Rc8 15. Nd6 Bxd6 16. Bxd6 Re8 17. Rad1 cxd4 18. Rxd4 Nd5 19. Bb4 Qb6 20. Qd2 Nc5 21. Qd1 Qc6 22. Ng5 h6 23. c4 hxg5 24. cxd5 exd5 25. Rxe8+ Qxe8 26. Bxd5 Qxa4 27. Qxa4 Nxa4 28. Be4 Nb6 29. Bd2 f6 30. Bg6 Bc4 31. Ba5 Bd5 32. f4 Rc5 33. Bd2 gxf4 34. Bxf4 a5 35. Rd1 Rb5 36. Be8 Rb3 37. Bc7 Be4 38. Rd8 Kh7 39. h4 Nd5 40. Bxa5 Rxg3+ 41. Kf1 Ra3 42. Bd2 Rd3 43. Ba5 Rh3 44. Bf7 1/2-1/2

[Event "Reykjavik Open 2026"]
[Site "Reykjavik"]
[Date "2026.03.29"]
[Round "7.92"]
[White "Snodgrass, Benjamin"]
[Black "Singh, Ian Avery"]
[Result "1/2-1/2"]
[WhiteElo "2040"]
[WhiteFideId "30915422"]
[BlackElo "1863"]
[BlackFideId "39902676"]
[Variant "Standard"]

1. e4 c5 2. Nf3 d6 3. d4 cxd4 4. Nxd4 Nf6 5. Nc3 a6 6. Qf3 e5 7. Nf5 Bxf5 8. Qxf5 Nc6 9. Be3 Be7 10. O-O-O O-O 11. g4 Rc8 12. g5 g6 13. Qf3 Nh5 14. h4 Nb4 15. a3 Nc6 16. Bh3 Rb8 17. Bg4 Ng7 18. Qh3 b5 19. h5 Bxg5 20. hxg6 h6 21. Kb1 b4 22. axb4 Nxb4 23. Bxg5 Qxg5 24. Qxh6 Qxh6 25. Rxh6 fxg6 26. f3 Rf6 27. Nd5 Nxd5 28. Rxd5 Rb6 29. c4 Rc6 30. b3 Ne6 31. Bxe6+ Rxe6 32. Kc2 Rf6 33. Rh3 Kg7 34. Rd1 Rf4 35. Rdh1 Kf6 36. Rh8 Rc7 37. Rd1 Ke6 38. Rd3 Rc6 39. Kd2 Rb6 40. Kc3 Rf7 41. Rg8 Kf6 42. Rd8 Ke6 43. Kc2 Rfb7 44. Rf8 Ke7 45. Ra8 Kf6 46. Rh8 Ke6 47. Rh1 Kf6 48. Rb1 Rc7 { Black offered a draw. } 49. Kd2 { White declined the draw offer. } 49... Ke6 50. Rg1 Kf6 51. Rd1 Ke6 52. Ke2 Rc5 53. Kf2 Ra5 54. Kg3 Ra3 55. Kg4 Raxb3 56. Rd5 Rc3 57. Kg5 Rxc4 58. R1d3 Rc5 59. Kxg6 Rxd5 60. exd5+ Kd7 61. Kf5 a5 62. f4 exf4 63. Kxf4 Kc7 64. Kf5 Ra6 65. Ke6 a4 66. Rc3+ Kb7 67. Ra3 Ka7 68. Ke7 Kb8 69. Kd7 Kb7 70. Ke7 Kc8 71. Rc3+ Kb8 72. Ra3 Ka7 73. Kd7 Kb8 74. Ke7 Kc8 75. Rc3+ Kb7 76. Ra3 Kc7 77. Rc3+ Kb7 78. Ra3 Kb6 79. Kxd6 Kb5+ 80. Ke7 Kc5 81. d6 Kb4 82. d7 1/2-1/2

[Event "Reykjavik Open 2026"]
[Site "Reykjavik"]
[Date "2026.03.29"]
[Round "7.93"]
[White "Dijkstra, Matthijs"]
[Black "Isleifsson, Runar"]
[Result "1-0"]
[WhiteElo "2032"]
[WhiteFideId "1046985"]
[BlackElo "1860"]
[BlackFideId "2305917"]
[Variant "Standard"]

1. c4 c6 2. g3 d5 3. Nf3 Nf6 4. Bg2 Bf5 5. b3 e6 6. Bb2 h6 7. O-O Bd6 8. d3 O-O 9. Nbd2 Re8 10. Qc2 Na6 11. a3 Bf8 12. Rfd1 Qb6 13. b4 Rad8 14. Be5 Nb8 15. Rdb1 Nbd7 16. c5 Qa6 17. a4 b6 18. b5 Qb7 19. cxb6 cxb5 20. bxa7 b4 21. Qc7 Qxc7 22. Bxc7 Ra8 23. Ba5 Rxa7 24. Bxb4 Bxb4 25. Rxb4 Rea8 26. Nb3 Ra6 27. Nfd4 Bg6 28. a5 Kf8 29. Rb7 R8a7 30. Rxa7 Rxa7 31. a6 Nb6 32. Nb5 Ra8 33. a7 Ne8 34. Nc5 Ke7 35. f4 f5 36. Ra6 Nc8 37. Rxe6+ 1-0

[Event "Reykjavik Open 2026"]
[Site "Reykjavik"]
[Date "2026.03.29"]
[Round "7.94"]
[White "Mariller, Romain"]
[Black "Brynjarsson, Orvar Holm"]
[Result "1-0"]
[WhiteElo "2031"]
[WhiteFideId "45136912"]
[BlackElo "1845"]
[BlackFideId "2321726"]
[Variant "Standard"]

1. e4 c5 2. Nf3 Nc6 3. d4 cxd4 4. Nxd4 e5 5. Nb5 d6 6. N1c3 a6 7. Na3 Be7 8. Nc4 b5 9. Ne3 Nf6 10. Ned5 Be6 11. Be3 Rb8 12. Nxf6+ Bxf6 13. Nd5 O-O 14. Be2 Bg5 15. Qd2 Bxe3 16. Nxe3 Nd4 17. c3 Nxe2 18. Qxe2 Qg5 19. O-O Rfd8 20. Rfd1 Qg6 21. Nd5 Kh8 22. Rd3 f5 23. exf5 Qxf5 24. Ne7 Qf6 25. Nc6 Bc4 26. Nxb8 Rxb8 27. Qe3 Bxd3 28. Qxd3 Qe6 29. Rd1 Rd8 30. b3 d5 31. h3 Qb6 32. Qe2 Qc7 33. Qe3 Qe7 34. Qf3 Qe6 35. Qe3 Qe7 36. Qb6 Qd6 37. Qa7 Rd7 38. Qe3 Rd8 39. Re1 Re8 40. Qd3 Qd7 41. Qf3 Kg8 42. Qh5 Qe6 43. Qg5 Qe7 44. Qf5 Qc7 45. Qd3 Qf7 46. Ra1 Rf8 47. Qe3 Qf4 48. Re1 Qxe3 49. Rxe3 Re8 50. Kf1 Kf7 51. Ke2 Ke6 52. Rg3 Re7 53. Rg4 Kd6 54. a4 g6 55. h4 Rc7 56. axb5 axb5 57. Kd3 e4+ 58. Kd4 Rf7 59. Rg5 Rxf2 60. Rxd5+ Kc6 61. Rc5+ Kb6 62. Rg5 Rc2 63. c4 bxc4 64. bxc4 Kc6 65. c5 e3 66. Kxe3 Rxc5 67. Rxc5+ Kxc5 68. Kf4 Kd5 69. Kg5 Ke5 70. g3 Ke4 71. g4 Kf3 72. h5 Kg3 73. h6 Kf3 74. Kf6 Kxg4 75. Kg7 Kf3 76. Kxh7 g5 77. Kg8 g4 78. h7 g3 79. h8=Q g2 80. Qd4 1-0

[Event "Reykjavik Open 2026"]
[Site "Reykjavik"]
[Date "2026.03.29"]
[Round "7.95"]
[White "Sakinis, Rimandas"]
[Black "Hill, Andy"]
[Result "*"]
[WhiteElo "1804"]
[WhiteFideId "12864749"]
[BlackElo "2030"]
[BlackFideId "499927"]
[Variant "Standard"]

1. e4 e6 2. d3 d5 3. Nd2 Nf6 4. g3 Be7 5. Bg2 O-O 6. Ngf3 c5 7. O-O Nc6 8. Re1 Qc7 9. e5 Nd7 10. Qe2 b5 11. Nf1 a5 12. Bf4 a4 13. h4 Ba6 14. Bh3 Rfc8 15. N1h2 b4 16. Bg5 Nf8 17. Bxe7 Qxe7 18. c3 a3 19. Rab1 axb2 20. c4 dxc4 21. dxc4 Rd8 22. Bg2 Ra7 23. Rxb2 Nd7 24. Qe4 Bb7 25. Ng5 Nf8 26. Qb1 Nd4 27. Be4 h6 28. Ngf3 Ra3 29. Nxd4 Rxd4 30. Bxb7 Qxb7 31. Rb3 Ra8 32. Qc2 Qa6 33. Re4 Rxe4 34. Qxe4 Qxa2 35. Rf3 Ra3 36. Rf4 Qa1+ 37. Kg2 Ng6 38. Ng4 Nxf4+ 39. Qxf4 Qd4 40. Nf6+ gxf6 41. Qxf6 Qe4+ 42. Kh2 Qf5 *

[Event "Reykjavik Open 2026"]
[Site "Reykjavik"]
[Date "2026.03.29"]
[Round "7.96"]
[White "Akhmetov, Kirill"]
[Black "Labruyere, Robert Nirina"]
[Result "1-0"]
[WhiteElo "2028"]
[WhiteFideId "40103412"]
[BlackElo "1836"]
[BlackFideId "285943"]
[Variant "Standard"]

1. d4 Nf6 2. c4 e5 3. dxe5 Ng4 4. e4 h5 5. Be2 Nc6 6. Nf3 Bc5 7. O-O Ncxe5 8. Nxe5 Nxe5 9. Nc3 a5 10. Na4 Ba7 11. c5 d6 12. Be3 Qh4 13. f3 Qe7 14. Rc1 g5 15. Qd2 g4 16. f4 g3 17. fxe5 Qh4 18. hxg3 Qxg3 19. Bc4 Bh3 20. Rf3 1-0

[Event "Reykjavik Open 2026"]
[Site "Reykjavik"]
[Date "2026.03.29"]
[Round "7.97"]
[White "Dillenschneider, Antoine"]
[Black "Janssens, Carlo"]
[Result "0-1"]
[WhiteElo "1787"]
[WhiteFideId "527032787"]
[BlackElo "2028"]
[BlackFideId "217492"]
[Variant "Standard"]

1. Nf3 Nf6 2. c4 b6 3. d4 e6 4. e3 Bb7 5. Bd3 d5 6. O-O Bd6 7. Nc3 O-O 8. b3 Nbd7 9. Bb2 c5 10. Rc1 Rc8 11. Re1 Bb8 12. e4 cxd4 13. Nxd4 dxc4 14. Bxc4 Ne5 15. Bf1 a6 16. Nc2 Qc7 17. g3 Rfd8 18. Nd4 Rxd4 19. Qe2 Rd2 20. Qe3 Rxb2 21. Nb5 Qd8 22. Red1 Ned7 23. Nc3 h6 24. Bg2 e5 25. Rd3 Qe7 26. Rcd1 Nc5 27. R3d2 Rxd2 28. Rxd2 Rd8 29. Nd5 Nxd5 30. exd5 Qd6 31. b4 Nd7 32. a3 Nf6 33. Qe2 e4 34. Bxe4 Nxe4 35. Qxe4 Qe5 0-1